000 00583nam a2200181Ia 4500
003 GCL
008 140319s9999 xx 000 0 eng d
040 _aGCL /
_cGCL
082 0 4 _aP
_b300.5
_bH P
100 1 _aHOPKINS, NICHOLAS S.
245 1 0 _aPARTICIPATION AND COMMUNITY IN THE EGYPTIAN NEW LANDS: THE CASE OF SOUTH TAHRIR /
_cHOPKINS, NICHOLAS S.
260 _a[S.N] :
_bAMERICAN UNIVERSITY IN CAIRO PRESS ،
_c1988
300 _a127
490 _aTHE WADSWORTH INTERNATIONAL DIMENSION OF BUSINESS
_v0
650 0 4 _aPERIODICALS
650 0 4 _aSOCIAL SCIENCE
942 _2ddc
_cCR
999 _c25815
_d25815